Dance Monkey Lyrics - Statistics

General Stats
  • This quiz has been taken 34 times
  • The average score is 12 of 40
Answer Stats
Lyrics % Correct
They say {oh my god} I see the way shine
77%
Dance for me, dance for me, {dance for me}, oh, oh, oh
54%
You, you make me, make me {wanna cry}
50%
And now I beg to see you dance {just one more time}
46%
Dance for me, {dance for me}, dance for me, oh, oh, oh
46%
Oh I see you, {see you}. see you every time
46%
Dance for me, {dance for me}, dance for me, oh, oh, oh
42%
Take your hand, my dear, and place {them both in mine}
42%
They say move for me, {move for me}, ay, ay, ay
42%
They say {move for me}, move for me, move for me, ay, ay, ay
42%
And when you're done {I'll make you do it} all again
38%
And when you're done {I'll make you do it} all again
38%
{Dance for me}, dance for me, dance for me, oh, oh, oh
38%
I've never seen anybody do the things {you do before}
38%
They say move for me, move for me, {move for me}. ay, ay, ay
38%
I've never {seen anybody do the things} you do before
35%
I've never seen anybody {do the things} you do before
35%
I've never seen anybody {do the things} you do before
35%
And when {you're done I'll make you} do it all again
31%
{They say move for me}, move for me, move for me, ay, ay, ay
31%
You, {you make me}, make me, make me wanna cry
31%
And now {I beg to see you dance} just one more time
27%
And {when you're done} I'll make you do it all again
27%
But you just beg {to see me dance} just one more time
27%
So {they say}
27%
So {they say}
27%
{All again}
23%
And oh my I, I, {like your style}
23%
I said {oh my god} I see you walking by
23%
Just {like a monkey} I've been dancing my whole life
23%
Ooh I see you, see you, {see you every time}
23%
And now I beg to see you dance (just one more time}
15%
{Take my hands} my dear, and look me in my eyes
15%
You know you {stopped me dead} while I was passing by
15%
And oh my I, {like your style}
12%
{Ooh}
8%
{Ah ah}, ah
4%
{Ooh}
4%
{They say}
4%
{Woah-oh, woah-oh}, oh
0%
No matching quizzes found
Score Distribution
Percent of People with Each Score
Percentile by Number Answered
Your Score History
You have not taken this quiz